<?xml version="1.0" encoding="UTF-8"?><?xml-stylesheet type="text/xsl" href="static/style.xsl"?><OAI-PMH xmlns="http://www.openarchives.org/OAI/2.0/" xmlns:xsi="http://www.w3.org/2001/XMLSchema-instance" xsi:schemaLocation="http://www.openarchives.org/OAI/2.0/ http://www.openarchives.org/OAI/2.0/OAI-PMH.xsd"><responseDate>2026-04-17T04:08:02Z</responseDate><request verb="GetRecord" identifier="oai:www.recercat.cat:2072/484182" metadataPrefix="marc">https://recercat.cat/oai/request</request><GetRecord><record><header><identifier>oai:recercat.cat:2072/484182</identifier><datestamp>2025-08-31T18:11:02Z</datestamp><setSpec>com_2072_98</setSpec><setSpec>col_2072_378192</setSpec></header><metadata><record xmlns="http://www.loc.gov/MARC21/slim" xmlns:dcterms="http://purl.org/dc/terms/" xmlns:xsi="http://www.w3.org/2001/XMLSchema-instance" xmlns:doc="http://www.lyncode.com/xoai" xsi:schemaLocation="http://www.loc.gov/MARC21/slim http://www.loc.gov/standards/marcxml/schema/MARC21slim.xsd">
   <leader>00925njm 22002777a 4500</leader>
   <datafield ind2=" " ind1=" " tag="042">
      <subfield code="a">dc</subfield>
   </datafield>
   <datafield ind2=" " ind1=" " tag="720">
      <subfield code="a">González-Matos, Carlos Eduardo</subfield>
      <subfield code="e">author</subfield>
   </datafield>
   <datafield ind2=" " ind1=" " tag="720">
      <subfield code="a">Rodríguez-Queraltó, Oriol</subfield>
      <subfield code="e">author</subfield>
   </datafield>
   <datafield ind2=" " ind1=" " tag="720">
      <subfield code="a">Záraket, Fátima</subfield>
      <subfield code="e">author</subfield>
   </datafield>
   <datafield ind2=" " ind1=" " tag="720">
      <subfield code="a">Jiménez, Jesús</subfield>
      <subfield code="e">author</subfield>
   </datafield>
   <datafield ind2=" " ind1=" " tag="720">
      <subfield code="a">Casteigt, Benjamín</subfield>
      <subfield code="e">author</subfield>
   </datafield>
   <datafield ind2=" " ind1=" " tag="720">
      <subfield code="a">Vallès, Ermengol</subfield>
      <subfield code="e">author</subfield>
   </datafield>
   <datafield ind2=" " ind1=" " tag="260">
      <subfield code="c">2024</subfield>
   </datafield>
   <datafield ind2=" " ind1=" " tag="520">
      <subfield code="a">BACKGROUND: Right ventricular apical pacing (RVAP) can produce left ventricle dysfunction. Conduction system pacing (CSP) has been used successfully to reverse left ventricle dysfunction in patients with left bundle branch block. To date, data about CSP prevention of left ventricle dysfunction in patients with preserved left ventricular ejection fraction (LVEF) are scarce and limited mostly to nonrandomized studies. Our aim is to demonstrate that CSP can preserve normal ventricular function compared with RVAP in the setting of a high burden of ventricular pacing. METHODS: Consecutive patients with a high-degree atrioventricular block and preserved or mildly deteriorated LVEF (>40%) were included in this prospective, randomized, parallel, controlled study, comparing conventional RVAP versus CSP. RESULTS: Seventy-five patients were randomized, with no differences between basal characteristics in both groups. The stimulated QRS duration was significantly longer in the RVAP group compared with the CSP group (160.4±18.1 versus 124.2±20.2 ms; p&lt;0.01). Seventy patients were included in the intention-to-treat analyses. LVEF showed a significant decrease in the RVAP group at 6 months compared with the CSP group (mean difference, -5.8% [95% CI, -9.6% to -2%]; P&lt;0.01). Left ventricular end-diastolic diameter showed an increase in the RVAP group compared with the CSP group (mean difference, 3.2 [95% CI, 0.1-6.2] mm; P=0.04). Heart failure-related admissions were higher in the RVAP group (22.6% versus 5.1%; P=0.03). CONCLUSIONS: Conduction system stimulation prevents LVEF deterioration and heart failure-related admissions in patients with normal or mildly deteriorated LVEF requiring a high burden of ventricular pacing. These results are only short term and need to be confirmed by further larger studies.</subfield>
   </datafield>
   <datafield tag="653" ind2=" " ind1=" ">
      <subfield code="a">Atrial fibrillation</subfield>
   </datafield>
   <datafield tag="653" ind2=" " ind1=" ">
      <subfield code="a">Atrioventricular block</subfield>
   </datafield>
   <datafield tag="653" ind2=" " ind1=" ">
      <subfield code="a">Cardiac resynchronization therapy</subfield>
   </datafield>
   <datafield tag="653" ind2=" " ind1=" ">
      <subfield code="a">Humans</subfield>
   </datafield>
   <datafield tag="653" ind2=" " ind1=" ">
      <subfield code="a">Ventricular function</subfield>
   </datafield>
   <datafield tag="653" ind2=" " ind1=" ">
      <subfield code="a">Left</subfield>
   </datafield>
   <datafield ind2="0" ind1="0" tag="245">
      <subfield code="a">Conduction System Stimulation to Avoid Left Ventricle Dysfunction</subfield>
   </datafield>
</record></metadata></record></GetRecord></OAI-PMH>